000 00476nam a2200169Ia 4500
008 090711s9999 xx 000 0 und d
082 _b52448
100 _aगोळे गिरीश
245 _aSाुकलेली वाट
260 _c1986
300 _a250
600 _aगोळे गिरीश
630 _aSाुकलेली वाट
700 _aगोळे गिरीश
730 _aSाुकलेली वाट
942 _cBOOK
999 _c301908
_d301908